00341nam a2200133Ia 450000500170000000800410001702000150005808200130007310000190008624500110010526000400011630000120015650000390016820250430043231.0240331s9999 xx 000 0 und d a9552038111 bRANa891 aSeetha Ranjani 0aRaaman aColombobS. Godake & Brothersc1993 a72 p ., aThamala garila battiyakego kadhawa